| 000 | 00468nam a2200193Ia 4500 | ||
|---|---|---|---|
| 005 | 20240913125151.0 | ||
| 008 | 240913s9999||||xx |||||||||||||| ||und|| | ||
| 041 | _aENGLISH | ||
| 082 | _A658.8 P0 | ||
| 100 | _aJagadish N Sheth | ||
| 245 | 0 | _aRelationship Marketing | |
| 250 | _a1st | ||
| 260 |
_c2000 _bSage,New Delhi |
||
| 500 | _aREFERENCE | ||
| 650 |
_aManagement _bManagement Studies |
||
| 700 | _a Atul parvatiyar (ed) | ||
| 942 | _cREF | ||
| 999 |
_c244955 _d244955 |
||